<?xml version="1.0" encoding="UTF-8"?>
<marc:record xmlns:marc="http://www.loc.gov/MARC21/slim">
   <marc:leader>00000nam a2200000 a 4500</marc:leader>
   <marc:datafield ind1="1" ind2=" " tag="100">
      <marc:subfield code="a">Dorsey, Candas Jane</marc:subfield>
      <marc:subfield code="4">aut</marc:subfield>
      <marc:subfield code="e">Verfasser/-in</marc:subfield>
   </marc:datafield>
   <marc:datafield ind1="0" ind2="0" tag="245">
      <marc:subfield code="a">Drag Cop</marc:subfield>
   </marc:datafield>
   <marc:datafield ind1="0" ind2="0" tag="245">
      <marc:subfield code="c">Candas Jane Dorsey ; aus dem kanadischen Englisch von Conny Lösch ; Herausgegeben von Thomas Wörtche</marc:subfield>
   </marc:datafield>
   <marc:datafield ind1=" " ind2="1" tag="264">
      <marc:subfield code="a">Franfurt am Main</marc:subfield>
      <marc:subfield code="b">Suhrkamp</marc:subfield>
      <marc:subfield code="c">2021</marc:subfield>
   </marc:datafield>
   <marc:datafield ind1="1" ind2=" " tag="490">
      <marc:subfield code="a">Tb.</marc:subfield>
   </marc:datafield>
   <marc:datafield ind1="1" ind2=" " tag="520">
      <marc:subfield code="a">Als die geliebte Enkelin einer guten Freundin ermordet aufgefunden wird, werden unsere ambisexuelle Sozialarbeiterin und ihre Katze Bunnywit zur Lösung des Falles hinzugezogen. Für die kanadische Polizei ist Maddy bloß eine weitere tote Sexarbeiterin - also liegt es an unserer Heldin und ihrer LGBTQ-Crew herauszufinden, was mit ihr passiert ist.</marc:subfield>
   </marc:datafield>
   <marc:datafield ind1=" " ind2=" " tag="020">
      <marc:subfield code="a">9783518471876</marc:subfield>
      <marc:subfield code="9">9783518471876</marc:subfield>
   </marc:datafield>
   <marc:datafield ind1=" " ind2=" " tag="020">
      <marc:subfield code="a">3518471872</marc:subfield>
      <marc:subfield code="9">3518471872</marc:subfield>
   </marc:datafield>
   <marc:datafield ind1=" " ind2=" " tag="041">
      <marc:subfield code="a">ger</marc:subfield>
   </marc:datafield>
   <marc:datafield ind1=" " ind2=" " tag="300">
      <marc:subfield code="a">360 Seiten</marc:subfield>
   </marc:datafield>
</marc:record>
